Header

2013-2023 : (Registro nro. 54327)

Detalles MARC
000 -LEADER
campo de control de longitud fija 02332nam a2200349 a 4500
001 - NÚMERO DE CONTROL
campo de control 54327
003 - IDENTIFICADOR DE NÚMERO DE CONTROL
campo de control AR-BaAGN
005 - FECHA Y HORA DE LA ÚLTIMA TRANSACCIÓN
campo de control 20240723102212.0
007 - CAMPO FIJO DE DESCRIPCIÓN FÍSICA--INFORMACIÓN GENERAL
campo de control de longitud fija ta
008 - DATOS DE LONGITUD FIJA--INFORMACIÓN GENERAL
campo de control de longitud fija s ag |||||r|||| ||| ||spa d
020 ## - NÚMERO INTERNACIONAL ESTÁNDAR DEL LIBRO
Número Internacional Estándar del Libro 978-631-90164-0-6
040 ## - FUENTE DE CATALOGACIÓN
Centro catalogador/agencia de origen AR-BaAGN
Lengua de catalogación español
Normas de descripción aacr
942 ## - ELEMENTOS DE ENTRADA SECUNDARIOS (KOHA)
Tipo de ítem Koha Libro
Prefijo de la signatura AGN
Suprimir en OPAC No
245 00 - MENCIÓN DEL TÍTULO
Título 2013-2023 :
Resto del título aproximación histórica al Poder Legislativo Entrerriano.
246 13 - FORMA VARIANTE DEL TITULO
Título propio/Titulo breve Dos mil trece-dos mil ventitrés :
Resto del título aproximación histórica al Poder Legislativo Entrerriano.
260 ## - PUBLICACIÓN, DISTRIBUCIÓN, ETC.
Lugar de publicación, distribución, etc. [Paraná] :
Nombre del editor, distribuidor, etc. Asociación Personal Legislativo de Entre Ríos,
Fecha de publicación, distribución, etc. [2023].
300 ## - DESCRIPCIÓN FÍSICA
Extensión 85 páginas ;
Dimensiones 21 cm.
336 ## - TIPO DE CONTENIDO
Código de tipo de contenido texto
Fuente rdacontent
337 ## - TIPO DE MEDIO
Código del tipo de medio no mediado
Fuente rdamedia
338 ## - TIPO DE SOPORTE
Código del tipo de soporte volumen
Fuente rdacarrier
500 ## - NOTA GENERAL
Nota general A la cabeza de la portada: «En conmemoración de los 40 años de democracia».
500 ## - NOTA GENERAL
Nota general Publicación de la Asociación del Personal Legislativo de Entre Ríos, que recopila la historia legislativa de Entre Ríos.
505 0# - NOTA DE CONTENIDO CON FORMATO
Nota de contenido con formato Poema de trabajo -- Palabras de Sergio Almeida, secretario general APLER -- Nota de las recopiladoras Chichina Mantovani, Karina Farías -- Palabras de Lic. María Laura Stratta, vice gobernadora -- Palabras de Dr. Ángel Francisco Giano, presidente C.D.E.R. -- Palabras de Dr. Marciano Martínez -- Período 2013-2015 Sergio Daniel Urribari- José Cáceres (continuación) : Mensaje Sr. Gobernador Don Sergio Daniel Urribarri -- Conformación Cámara de Senadores -- Conformación Cámara de Diputados -- Continuación nómina de Leyes destacadas del período -- Período 2015-2019 Gustavo Bordet-Adan Bahl : Mensaje Sr. Gobernador Dr. Gustavo Eduardo Bordet -- Conformación Cámara de Senadores -- Conformación Cámara de diputados -- Nómina de Leyes destacadas del período -- Período 2019-2023 Gustavo Bordet-Laura Stratta : Mensaje Sr. Gobernador Dr. Gustavo Eduardo Bordet -- Conformación Cámara de Senadores -- Conformación Cámara de Diputados -- Nómina de leyes destacadas del período.
650 #4 - PUNTO DE ACCESO ADICIONAL DE MATERIA--TÉRMINO DE MATERIA
Término de materia o nombre geográfico como elemento de entrada PODER LEGISLATIVO
ID autoridades 1920
650 #4 - PUNTO DE ACCESO ADICIONAL DE MATERIA--TÉRMINO DE MATERIA
Término de materia o nombre geográfico como elemento de entrada DEMOCRACIA
ID autoridades 1504
650 #4 - PUNTO DE ACCESO ADICIONAL DE MATERIA--TÉRMINO DE MATERIA
Término de materia o nombre geográfico como elemento de entrada LEYES PROVINCIALES
ID autoridades 2540
650 #4 - PUNTO DE ACCESO ADICIONAL DE MATERIA--TÉRMINO DE MATERIA
Término de materia o nombre geográfico como elemento de entrada DISCURSOS
ID autoridades 1653
651 #4 - PUNTO DE ACCESO ADICIONAL DE MATERIA--NOMBRE GEOGRÁFICO
Nombre geográfico Entre Ríos (Provincia)
ID autoridades 4099
700 1# - ENTRADA AGREGADA--NOMBRE PERSONAL
Nombre de persona Mantovani, Elvira
ID autoridades 8390
Término indicativo de función/relación compilador
700 1# - ENTRADA AGREGADA--NOMBRE PERSONAL
Nombre de persona Farías, Carina Alba
ID autoridades 8391
Término indicativo de función/relación compilador
710 2# - ENTRADA AGREGADA--NOMBRE DE ENTIDAD CORPORATIVA
Unidad subordinada Asociación del Personal Legislativo de Entre Ríos (APLER)
Término indicativo de función/relación editor
Existencias
Estado de retiro Estado de pérdida Fuente del sistema de clasificación o colocación Estado de conservación Biblioteca actual Ubicación en estantería Signatura topográfica completa Código de barras Tipo de ítem Koha
    Clasificación Decimal Dewey   Biblioteca del Archivo General de la Nación AGN - Biblioteca AGN 22139 894 Libro

Contacto

Dirección: Av. Leandro Alem 246, 3er piso (CABA).
Código postal: C1003AAP
Teléfono: 2206-0013
Correo electrónico: comunicacionagn@mininterior.gob.ar
Sitio Web: www.argentina.gob.ar/interior/archivo-general-de-la-nacion

AGN en las redes sociales

Facebook  /  Twitter  /  Instagram